Préfectures et sous-préfectures commençant par la lettre R - Statistiques

Statistiques générales
  • Ce quiz a été pris 107 fois
  • Le résultat moyen est 8 sur 15
Statistiques - réponses
Réponses % Correct
La {Rochelle}
95%
Rouen
84%
La {Roche-sur-Yon}
83%
Rennes
78%
Reims
76%
Rodez
59%
Roanne
51%
Le {Raincy}
47%
Riom
42%
Rochefort
42%
Redon
37%
Rethel
32%
Rambouillet
28%
Romorantin-Lanthenay
25%
Rochechouart
22%
Aucun quiz correspondant
Distribution des résultats
% des personnes avec chaque résultat
Percentile par nombre de réponses
Votre historique - résultats
Vous n’avez pas pris ce quiz